000
00279nam a22001217a 4500
008
160429b xxu||||| |||| 00| 0 eng d
020
_a
9780803614475
020
_a
0803614470
041
_a
eng
080
_a
618.2
245
_a
Nursing now:
_c
Joseph T. Catalano;
942
_2
udc
_c
BK
999
_c
1674
_d
1674